Detalles MARC
| 000 -LEADER |
| fixed length control field |
01307nam a2200313 a 4500 |
| 001 - CONTROL NUMBER |
| control field |
000003948 |
| 003 - CONTROL NUMBER IDENTIFIER |
| control field |
DO-SdBNP |
| 005 - DATE AND TIME OF LATEST TRANSACTION |
| control field |
20221010115809.0 |
| 008 - FIXED-LENGTH DATA ELEMENTS--GENERAL INFORMATION |
| fixed length control field |
090715s1998 dr 000 0 eng d |
| 020 ## - INTERNATIONAL STANDARD BOOK NUMBER |
| International Standard Book Number |
9788492184590 |
| 040 ## - CATALOGING SOURCE |
| Original cataloging agency |
DO-SdBNP |
| Language of cataloging |
spa |
| Transcribing agency |
BPMSU |
| 082 ## - DEWEY DECIMAL CLASSIFICATION NUMBER |
| Classification number |
301.98 |
| Item number |
G643d 1998 |
| Edition number |
22 |
| 100 1# - MAIN ENTRY--PERSONAL NAME |
| Personal name |
González Oquendo, Luis J. |
| 245 13 - TITLE STATEMENT |
| Title |
El desarrollo de las ciencias sociales en América Latina : |
| Remainder of title |
contribuciones a un balance / |
| Statement of responsibility, etc. |
Luis J. González Oquendo, Aymará Hernández Morales ; editor Sergio Villena Fiengo. |
| 260 ## - PUBLICATION, DISTRIBUTION, ETC. (IMPRINT) |
| Place of publication, distribution, etc. |
Santo Domingo : |
| Name of publisher, distributor, etc. |
FLASCO : Secretaría General CRESALC/UNESCO, |
| Date of publication, distribution, etc. |
1998. |
| 300 ## - PHYSICAL DESCRIPTION |
| Extent |
118 p. ; |
| Dimensions |
22 cm. |
| 500 ## - GENERAL NOTE |
| General note |
Concurso latinoamericano de ensayo XL Aniversario de la creación de FLASCO |
| 504 ## - BIBLIOGRAPHY, ETC. NOTE |
| Bibliography, etc |
Incluye referencias bibliográficas y notas al pie de las páginas |
| 590 ## - LOCAL NOTE (RLIN) |
| Local note |
Inventariado, 2018/VM |
| 650 #4 - SUBJECT ADDED ENTRY--TOPICAL TERM |
| Topical term or geographic name as entry element |
Ciencias sociales |
| Geographic subdivision |
América Latina |
| 650 #4 - SUBJECT ADDED ENTRY--TOPICAL TERM |
| Topical term or geographic name as entry element |
Sociología |
| Geographic subdivision |
América Latina |
| 651 #4 - SUBJECT ADDED ENTRY--GEOGRAPHIC NAME |
| Geographic name |
America Latina |
| General subdivision |
Condiciones sociales. |
| 700 12 - ADDED ENTRY--PERSONAL NAME |
| Personal name |
Hernández Morales, Aymará |
| 700 12 - ADDED ENTRY--PERSONAL NAME |
| Personal name |
Villena Fiengo, Sergio, |
| Relator term |
ed. |
| 710 2# - ADDED ENTRY--CORPORATE NAME |
| Corporate name or jurisdiction name as entry element |
Facultad Latinoamericana de Ciencias Sociales |
| 710 2# - ADDED ENTRY--CORPORATE NAME |
| Corporate name or jurisdiction name as entry element |
Organización de las Naciones Unidas para la Educación, la Ciencia y la Cultura |
| 910 ## - USER-OPTION DATA (OCLC) |
| User-option data |
VMateo V./Validado |
| 942 ## - ADDED ENTRY ELEMENTS (KOHA) |
| Source of classification or shelving scheme |
Dewey Decimal Classification |
| Koha item type |
Libros |